|
|
|
|
| LEADER |
02273nam a2200385 a 4500 |
| 001 |
15519463 |
| 008 |
00713s2010 maua 001 0 eng d |
| 999 |
|
|
|c 9342
|d 9342
|
| 010 |
|
|
|a 2008049008
|
| 020 |
|
|
|a 9780071263320
|
| 020 |
|
|
|a 0071263322
|
| 020 |
|
|
|a 9780073380407 (hard copy : alk. paper)
|
| 020 |
|
|
|a 0073380407 (hard copy : alk. paper)
|
| 040 |
|
|
|a DLC
|c DLC
|d BTCTA
|d C#P
|d BWX
|d YDXCP
|d OCLCQ
|d DLC
|d BD-DhAAL
|
| 082 |
0 |
0 |
|a 621.3801
|2 22
|
| 100 |
1 |
|
|a Carlson, A. Bruce,
|d 1937-
|9 32788
|
| 245 |
1 |
0 |
|a Communication systems :
|b an introduction to signals and noise in electrical communication /
|c A. Bruce Carlson, Paul B. Crilly.
|
| 250 |
|
|
|a 5th ed.
|
| 260 |
|
|
|a Boston ;
|a New Delhi :
|b McGraw-Hill Higher Education,
|c c2010.
|
| 300 |
|
|
|a xx, 924 p. :
|b ill. ;
|c 24 cm.
|
| 500 |
|
|
|a Includes index.
|
| 541 |
1 |
|
|e 00020734
|
| 650 |
|
0 |
|a Signal theory (Telecommunication)
|9 32789
|
| 650 |
|
0 |
|a Modulation (Electronics)
|9 32790
|
| 650 |
|
0 |
|a Digital communications.
|9 32791
|
| 700 |
1 |
|
|a Crilly, Paul B.
|9 32792
|
| 852 |
4 |
|
|a Ayesha Abed Library
|j General shelf
|
| 942 |
|
|
|2 ddc
|c BK
|
| 952 |
|
|
|0 0
|1 4
|2 ddc
|4 0
|6 621_380100000000000_CAR
|7 0
|9 11940
|a BRACUL
|b BRACUL
|c GEN
|d 2010-09-21
|l 1
|o 621.3801 CAR
|p 3010020734
|r 2011-04-27
|s 2011-04-26
|t 1
|w 2010-09-21
|y BK
|x Koha Inventory 2020
|
| 952 |
|
|
|0 0
|1 0
|2 ddc
|4 0
|6 621_380100000000000_CAR_2010
|7 0
|9 18102
|a BRACUL
|b BRACUL
|c GEN
|d 2011-09-19
|l 0
|o 621.3801 CAR
|p 3010020736
|r 2011-09-19
|t 3
|w 2011-09-19
|y BK
|
| 952 |
|
|
|0 0
|1 0
|2 ddc
|4 0
|6 621_380100000000000_CAR_2010
|7 0
|9 18118
|a BRACUL
|b BRACUL
|c GEN
|d 2011-09-19
|l 2
|m 25
|o 621.3801 CAR
|p 3010020735
|r 2025-07-13
|s 2024-11-26
|t 2
|w 2011-09-19
|y BK
|
| 952 |
|
|
|0 0
|1 0
|2 ddc
|4 0
|6 621_380100000000000_CAR_2010
|7 0
|9 18119
|a BRACUL
|b BRACUL
|c GEN
|d 2011-09-19
|l 0
|o 621.3801 CAR
|p 3010020737
|r 2011-09-19
|t 4
|w 2011-09-19
|y BK
|
| 952 |
|
|
|0 0
|1 0
|2 ddc
|4 0
|6 621_380100000000000_CAR_2010
|7 0
|9 18120
|a BRACUL
|b BRACUL
|c GEN
|d 2011-09-19
|l 0
|o 621.3801 CAR
|p 3010020738
|r 2011-09-19
|t 5
|w 2011-09-19
|y BK
|
| 952 |
|
|
|0 0
|1 0
|2 ddc
|4 0
|6 621_380100000000000_CAR_2010
|7 0
|9 18121
|a BRACUL
|b BRACUL
|c GEN
|d 2011-09-19
|l 2
|m 6
|o 621.3801 CAR
|p 3010020739
|r 2026-02-24
|s 2026-01-18
|t 6
|w 2011-09-19
|y BK
|
| 952 |
|
|
|0 0
|1 0
|2 ddc
|4 0
|6 621_380100000000000_CAR_2010
|7 0
|9 18122
|a BRACUL
|b BRACUL
|c GEN
|d 2011-09-19
|l 0
|o 621.3801 CAR
|p 3010020740
|r 2011-09-19
|t 7
|w 2011-09-19
|y BK
|